Ornament na bielom plátne Košická Krútňava

Bibliographic Details
Main Author: Marenčinová, Edita, 1943- (Author)
Format: Article
Language:Slovak
PhysicalDescription:Fotogr.
Subjects:

MARC

LEADER 00000nab a2200000 a 4500
001 vtls000607573
003 SK-MaSNL
005 20260304203923.0
008 250425c1996 xo 0 slo
015 |a SNBRB19rr/mm-uuuuu 
035 |a CL0607712 
035 |a urn:nbn:sk:snk-ab212v 
035 |a (urnnbn)urn:nbn:sk:snk:ar-a01e3m 
035 |a (uuid)f52fe21a-02fa-4575-a24e-5af3942551fa 
040 |a SNKBUCL  |b slo  |c SNKBUCL  |e AACR2 
041 0 |a slo 
044 |a xo  |c SK 
080 |a 792.5  |2 1981 
100 1 |a Marenčinová, Edita,  |d 1943-  |4 aut 
245 1 0 |a Ornament na bielom plátne  |b Košická Krútňava  |c Dita Marenčinová 
300 |b Fotogr. 
600 1 7 |a Suchoň, Eugen,  |d 1908-1993  |t Krútňava  |2 snkbucl  |9 103395 
610 2 7 |a Štátne divadlo Košice.  |b Opera  |2 snkbucl  |9 125500 
650 0 7 |a opery  |2 snkbucl  |9 3214 
650 0 7 |a operné inscenácie  |2 snkbucl  |9 3330 
655 7 |a recenzie  |2 snkbucl  |9 21907 
773 0 |t Hudobný život '96  |g Roč. 28, č. 22 (1996), s. 6 
850 |a Slovenská národná knižnica 
852 |a Slovenská národná knižnica 
954 |a odborná, vedecká literatúra pôvodná (slovenská)  |2 lita 
958 |a article27 
958 |a OND 
958 |a EUIPO 
999 |c 3113188  |d 3115118